Mis prisiones (Record no. 161649)

MARC details
000 -LEADER
campo de control de longitud fija 01153nam a2200241 i 4500
001 - NÚMERO DE CONTROL
campo de control 161649
003 - IDENTIFICADOR DE NÚMERO DE CONTROL
campo de control ES-MaACL
005 - FECHA Y HORA DE LA ÚLTIMA TRANSACCIÓN
campo de control 20251005063127.0
008 - DATOS DE LONGITUD FIJA--INFORMACIÓN GENERAL
campo de control de longitud fija 920914s1863 sp a |||| |dspa d
080 ## - NÚMERO DE LA CLASIFICACIÓN DECIMAL UNIVERSAL
Número de la Clasificación Decimal Universal 929 Pellico, Silvio
080 ## - NÚMERO DE LA CLASIFICACIÓN DECIMAL UNIVERSAL
Número de la Clasificación Decimal Universal 821.131.1-94"18"
100 1# - ENTRADA PRINCIPAL--NOMBRE DE PERSONA
Nombre de persona Pellico, Silvio,
Fechas asociadas al nombre 1789-1854
9 (RLIN) 130947
245 10 - MENCIÓN DEL TÍTULO
Título Mis prisiones
Resto del título : contiene además los capítulos inéditos, un apéndice por Antonio de Latour, con noticias históricas y biográficas de algunos prisioneros de Spielberg, y las notas y explicaciones históricas estractadas y traducidas de las adiciones de Pedro Maroncelli /
Mención de responsabilidad, etc. Silvio Pellico.
250 ## - MENCION DE EDICION
Mención de edición Ed. il.
260 ## - PUBLICACIÓN, DISTRIBUCIÓN, ETC.
Lugar de publicación, distribución, etc. Madrid :
Nombre del editor, distribuidor, etc. [s.n.],
Fecha de publicación, distribución, etc. 1863 (
Fabricante Imp. del Estab. de Mellado, a cargo de Joaquín Bernat)
300 ## - DESCRIPCIÓN FÍSICA
Extensión XXVI, 320 p. :
Otras características físicas il. ;
Dimensiones 24 cm.
530 ## - NOTA DISPONIBLE DE FORMULARIO FÍSICO ADICIONAL
Nota de formato físico adicional disponible Disponible en formato digital.
600 17 - PUNTO DE ACCESO ADICIONAL DE MATERIA--NOMBRE DE PERSONA
Nombre de persona Pellico, Silvio,
Fechas asociadas al nombre 1789-1854
Fuente del encabezamiento o término
9 (RLIN) 130947
700 1# - ENTRADA AGREGADA--NOMBRE PERSONAL
Nombre de persona Latour, Antoine de (
Fechas asociadas al nombre 1808-1881)
9 (RLIN) 128733
852 ## - LOCALIZACIÓN
Ubicación ES-MaACL
Número de control de estantería D-145
Nota libre - Enc. hol.
-- . - Donativo Lastres
856 ## - LOCALIZACIÓN Y ACCESO ELECTRÓNICOS
Identificador Uniforme de Recursos <a href="http://bdh-rd.bne.es/viewer.vm?id=0000086658&page=1 ">http://bdh-rd.bne.es/viewer.vm?id=0000086658&page=1 </a>
Nota pública Biblioteca Digital Hispánica
Holdings
Estatus retirado Estado de pérdida Estado de daño No para préstamo Colección Biblioteca de origen Biblioteca actual Ubicación en estantería Fecha de adquisición Fuente de adquisición Total de préstamos Signatura topográfica completa Código de barras Visto por última vez Precio de reemplazo Tipo de ítem Koha
        Colección digital Biblioteca del Ateneo de Madrid Biblioteca del Ateneo de Madrid Sala Valle Inclán 17/01/2008     D-145 901169328 23/02/2023 23/02/2023 Libro impreso antiguo